00383nam a2200181Ia 4500003000900000008004100009040001300050040001300063041000800076100002100084245003700105250000900142260001200151260000900163300001100172300001200183490000600195IT-RoPAU120407s9999 xx 000 0 und d aIT-RoPAU cIT-RoPAU aita aEnrico Chiavacci aIntroduzione all’etica sociale aRoma aStudium c1966 a123 p. c18,5 cm v1